Discurso sobre el secreto de la francmasonería

Spremljeno u:
Bibliografski detalji
Glavni autor: Java, Amando-José (Autor)
Format: Knjiga
Jezik:španjolski
Izdano: Barcelona Católica 1883
Teme:
Oznake: Dodaj oznaku
Bez oznaka, Budi prvi tko označuje ovaj zapis!

MARC

LEADER 00000nam a2200000 a 4500
001 UCP8046
003 CL-VaPUC
008 000106e18830000SP |||||||||||||||||spa|d
082 0 4 |a 366.1  |b JAV  |2 21 
100 0 |a Java, Amando-José  |e author  |9 437866 
245 1 0 |a Discurso sobre el secreto de la francmasonería 
300 |a 212 p 
942 |c BK 
945 |d 20000106 00:00:00  |a crobeson 
260 |a Barcelona  |b Católica  |c 1883 
650 0 |a Masonería   |9 256238 
650 7 |a SOCIEDADES SECRETAS  |2 CL-VaPUC  |9 321683 
650 0 |a Paganismo  |9 316776 
651 0 |a España  |9 254926 
583 |a last modification  |c 20000106 00:00:00  |k Rodrigo Vera 
999 |c 285081  |d 285079 
952 |0 0  |1 0  |4 0  |6 366_100000000000000_JAV_1883  |7 0  |8 X  |9 329451  |a BIBHIS  |b BIBHIS  |d 2019-11-20  |i 1374699  |o 366.1 JAV 1883  |p 1374699  |r 2024-01-30  |w 2019-11-20  |y BK_X  |k HIS